Erste Europäische Städte mit 100.000 Einwohnern - Statistiken

Allgemein
  • Dieses Quiz wurde 11.225 mal gespielt
  • Das Durchschnittsergebnis liegt bei 33 aus 53
Antwortstatistiken
Jahr Land Stadt % Korrekt
525 v.Chr. Italien Rom
100%
475 v.Chr. Griechenland Athen
99%
1612 Spanien Madrid
97%
1787 Spanien Barcelona
95%
330 n.Chr. Türkei Istanbul
95%
1745 Deutschland Berlin
94%
1568 Vereinigtes Königreich London
94%
1530 Russland Moskau
94%
1190 Frankreich Paris
94%
1620 Niederlande Amsterdam
89%
1831 Belgien Brüssel
88%
1582 Italien Mailand
88%
1850 Deutschland München
88%
1790 Polen Warschau
88%
1694 Österreich Wien
88%
1720 Irland Dublin
85%
1780 Deutschland Hamburg
84%
1600 Portugal Lissabon
84%
1755 Russland St. Petersburg
82%
1800 Dänemark Kopenhagen
81%
1812 Vereinigtes Königreich Manchester
81%
1590 Tschechien Prag
81%
1490 Italien Neapel
79%
1785 Frankreich Marseille
77%
1829 Ungarn Budapest*
76%
1275 Italien Venedig
74%
1809 Vereinigtes Königreich Liverpool
72%
1660 Frankreich Lyon
72%
1841 Niederlande Rotterdam
65%
1833 Italien Turin
64%
1850 Spanien Valencia
62%
1819 Vereinigtes Königreich Birmingham
60%
1839 Italien Florenz
60%
1090 Spanien Sevilla
60%
1808 Vereinigtes Königreich Glasgow
53%
1565 Belgien Antwerpen
51%
1810 Vereinigtes Königreich Edinburgh
51%
1787 Frankreich Bordeaux
44%
1130 Italien Palermo
44%
1848 Italien Genua
38%
1826 Vereinigtes Königreich Leeds
34%
1845 Belgien Gent
29%
1846 Vereinigtes Königreich Newcastle upon Tyne
27%
1843 Polen Breslau
24%
1822 Vereinigtes Königreich Bristol
21%
1410 Spanien Granada
20%
1836 Vereinigtes Königreich Sheffield
15%
765 n.Chr. Spanien Córdoba
14%
450 v.Chr. Italien Syrakus
7%
1470 Türkei Edirne
6%
1848 Vereinigtes Königreich Wolverhampton
5%
1847 Frankreich Rouen
4%
1280 Russland Sarai
3%
Keine übereinstimmenden Quizze gefunden
Verteilung der Resultate
Anzahl Personen mit jedem Resultat
Perzentil nach korrekt beantworteten Fragen
Ihre Resultats-Entwicklung
Sie haben dieses Quiz noch nicht gespielt